|
|
|
|
| LEADER |
01248nam a22003131a 4500 |
| 001 |
000695755 |
| 003 |
CZ BrMZK |
| 005 |
20140611080708.0 |
| 007 |
ta |
| 008 |
031105s1951 xr f cze d |
| 015 |
|
|
|a cnb000404162
|
| 035 |
|
|
|a (OCoLC)85173685
|
| 040 |
|
|
|a BOA001
|b cze
|c BOA001
|
| 041 |
1 |
|
|a cze
|h rus
|
| 100 |
1 |
|
|a Gorbatov, Boris Leont‘jevič,
|d 1908-1954
|7 jn20000602088
|4 aut
|
| 245 |
1 |
0 |
|a Hrdinové Arktidy :
|b povídky /
|c B.L. Gorbatov ; z ruského originálu přeložila Raisa Novotná
|
| 250 |
|
|
|a 4. vyd.
|
| 260 |
|
|
|a Praha :
|b Práce,
|c 1951
|
| 300 |
|
|
|a 336 s.
|
| 490 |
1 |
|
|a Příliv ;
|v sv. 80
|
| 500 |
|
|
|a Přeloženo z ruštiny
|
| 700 |
1 |
|
|a Novotná, Raisa,
|d 1919-
|7 jk01090626
|4 trl
|
| 830 |
|
0 |
|a Příliv
|0 s
|
| 856 |
4 |
1 |
|u http://www.digitalniknihovna.cz/mzk/uuid/uuid:63652740-f153-11e3-b72e-005056827e52
|y Digitalizovaný dokument
|x NDK
|
| 910 |
|
|
|a BOA001
|b PK-0001.456
|b 2-0283.299
|
| 990 |
|
|
|a BK
|
| 996 |
7 |
|
|b 2618868587
|c 2-0283.299
|l MZK
|r Sklad / do 24 hodin
|n 0
|w 000695755
|u 000030
|a 1
|e BOA001
|j MZK50
|s A
|
| 996 |
6 |
|
|b 2618868588
|c 2-0283.299
|l MZK
|r Sklad / do 24 hodin
|n 0
|w 000695755
|u 000020
|a 1
|e BOA001
|j MZK50
|s P
|
| 996 |
7 |
|
|b 3119645649
|c PK-0001.456
|l MZK
|r Sklad / do 1 hodiny
|n 2
|w 000695755
|u 000010
|a 1
|e BOA001
|j MZK50
|s A
|